Gender violence in Africa : (Record no. 5386)
[ view plain ]
| 000 -LEADER | |
|---|---|
| fixed length control field | 01329nac a22003251u 4500 |
| 010 ## - LIBRARY OF CONGRESS CONTROL NUMBER | |
| LC control number | 99017320 |
| 020 ## - INTERNATIONAL STANDARD BOOK NUMBER | |
| International Standard Book Number | 0312219431 (cloth) |
| 035 ## - SYSTEM CONTROL NUMBER | |
| System control number | (DLC) 99017320 |
| 082 00 - DEWEY DECIMAL CLASSIFICATION NUMBER | |
| Classification number | 362.88082096 |
| Item number | GRE. |
| 090 ## - LOCALLY ASSIGNED LC-TYPE CALL NUMBER (OCLC); LOCAL CALL NUMBER (OCLC) | |
| -- | 5386 |
| -- | 5386 |
| 100 ## - MAIN ENTRY--PERSONAL NAME | |
| Personal name | Green, December. |
| 245 10 - TITLE STATEMENT | |
| Title | Gender violence in Africa : |
| Remainder of title | African women's responses / |
| Statement of responsibility, etc | December Green. |
| 250 ## - EDITION STATEMENT | |
| Edition statement | 1st ed. |
| 260 ## - PUBLICATION, DISTRIBUTION, ETC. (IMPRINT) | |
| Place of publication, distribution, etc | New York : |
| Name of publisher, distributor, etc | St. Martin's Press,c.1999. |
| Date of publication, distribution, etc | c.1999. |
| 300 ## - PHYSICAL DESCRIPTION | |
| Extent | 298 p. ; |
| Dimensions | 22 cm. |
| 500 ## - GENERAL NOTE | |
| General note | Distributer : Al Ahram. |
| 504 ## - BIBLIOGRAPHY, ETC. NOTE | |
| Bibliography, etc | Includes bibliographical references (p. [255]-291) and index. |
| 511 ## - PARTICIPANT OR PERFORMER NOTE | |
| Participant or performer note | Catalogued By : Mahitab. |
| 650 #0 - SUBJECT ADDED ENTRY--TOPICAL TERM | |
| Topical term or geographic name as entry element | Women |
| General subdivision | Crimes against |
| Geographic subdivision | Africa. |
| 650 #0 - SUBJECT ADDED ENTRY--TOPICAL TERM | |
| Topical term or geographic name as entry element | Violence |
| Geographic subdivision | Africa. |
| 650 #0 - SUBJECT ADDED ENTRY--TOPICAL TERM | |
| Topical term or geographic name as entry element | Abused women |
| Geographic subdivision | Africa. |
| 650 #0 - SUBJECT ADDED ENTRY--TOPICAL TERM | |
| Topical term or geographic name as entry element | Rape |
| Geographic subdivision | Africa. |
| 650 #0 - SUBJECT ADDED ENTRY--TOPICAL TERM | |
| Topical term or geographic name as entry element | Family violence |
| Geographic subdivision | Africa. |
| 650 #0 - SUBJECT ADDED ENTRY--TOPICAL TERM | |
| Topical term or geographic name as entry element | Women |
| Geographic subdivision | Africa |
| General subdivision | Social conditions. |
| 856 42 - ELECTRONIC LOCATION AND ACCESS | |
| Materials specified | Contributor biographical information |
| Uniform Resource Identifier | <a href="http://www.loc.gov/catdir/bios/hol057/99017320.html">http://www.loc.gov/catdir/bios/hol057/99017320.html</a> |
| 856 42 - ELECTRONIC LOCATION AND ACCESS | |
| Materials specified | Publisher description |
| Uniform Resource Identifier | <a href="http://www.loc.gov/catdir/description/hol056/99017320.html">http://www.loc.gov/catdir/description/hol056/99017320.html</a> |
| 856 42 - ELECTRONIC LOCATION AND ACCESS | |
| Materials specified | Table of contents |
| Uniform Resource Identifier | <a href="http://www.loc.gov/catdir/toc/hol053/99017320.html">http://www.loc.gov/catdir/toc/hol053/99017320.html</a> |
| 942 ## - ADDED ENTRY ELEMENTS (KOHA) | |
| Item type | Book - Borrowing |
| Call number prefix | 362.88082096GRE. |
| Withdrawn status | Item status | Damaged status | Not for loan | Home library | Current library | Shelving location | Date acquired | Source of acquisition | Total Checkouts | Total Renewals | Full call number | Barcode | Date last seen | Date last borrowed | Koha item type |
|---|---|---|---|---|---|---|---|---|---|---|---|---|---|---|---|
| Central Library | Central Library | First floor | 25/10/2007 | Purchase | 7 | 20 | 362.88082096GRE. | 000006739 | 15/07/2025 | 20/02/2019 | Book - Borrowing |